Statistiques concernant Tous les cantons de l'Hérault sur une carte

Cliquez ici pour prendre le quiz!

Statistiques générales

  • Ce quiz a été pris 65 fois
  • Le résultat moyen est 16 sur 25

Réponses sur la Carte

Les réponses sont colorées sur une échelle allant du rouge au vert en fonction du pourcentage des utilisateurs qui les ont devinées à leur premier essai. Vous pouvez retrouver ces pourcentages ci-dessous.
 

Statistiques - réponses

Canton% Correct
Montpellier-1
100%
Montpellier-2
100%
Montpellier-3
100%
Montpellier-4
100%
Montpellier-5
100%
Montpellier | Castelnau-le-Lez
100%
Sète
97%
Béziers-1
93%
Béziers-2
93%
Béziers-3
93%
Agde
83%
Lunel
83%
Lodève
76%
Frontignan
62%
Clermont-l'Hérault
55%
Lattes
45%
Mauguio
41%
Mèze
41%
Pézenas
38%
Pignan
31%
Saint-Pons-de-Thomières
31%
Gignac
28%
Le Crès
21%
Saint-Gély-du-Fesc
21%
Cazouls-les-Béziers
14%

Distribution des résultats

Percentile par nombre de réponses

% des personnes avec chaque résultat

Votre développement - résultats

Vous n’avez pas pris ce quiz